| 000 | 00372nam a2200145Ia 4500 | ||
|---|---|---|---|
| 008 | 230411s9999 xx 000 0 und d | ||
| 020 | _a978-81-8498-142-1 | ||
| 041 | _aeng | ||
| 082 | _aX/891/VIR/B06652 | ||
| 100 |
_aVirani Pinky _9179235 |
||
| 245 | _aArunachi Goshta | ||
| 260 |
_bMehata Publishing House _aPune _c2010 |
||
| 300 | _a206p | ||
| 999 |
_c157018 _d157018 |
||